Postrekorozhadzovač John Deere

Bibliographic Details
Main Author: Kukučka, Marián (Author)
Format: Article
Language:Slovak
PhysicalDescription:Fotogr.
ISSN:1335-6178
Subjects:

MARC

LEADER 00000nab a2200000 a 4500
001 vtls010119750
003 SK-MaSNL
005 20260304183707.0
008 250708c2010 xo ||||||||||||00 b|slo
015 |a SNBRB2010/07  |2 snkbucl 
035 |a (uuid)07a4a395-d36a-4f31-a302-d0c0ea461817 
035 |a urn:nbn:sk:snk-ab1zes 
035 |a (urnnbn)urn:nbn:sk:snk:ar-a01azm 
038 |a SNKBUCL 
040 |a SNKBUCL  |b slo  |c SNKBUCL  |e AACR2 
041 0 |a slo 
044 |a xo  |c SK 
080 |a 631.347  |2 1997 
080 |a 631.816  |2 1997 
080 |a 631.333  |2 1997 
100 1 |a Kukučka, Marián  |4 aut  |9 267563 
245 1 0 |a Postrekorozhadzovač John Deere  |c Marián Kukučka 
300 |b Fotogr. 
650 0 7 |a postrekovače  |2 snkbucl  |9 403520 
650 0 7 |a rozhadzovače hnojív  |2 snkbucl  |9 650852 
650 0 7 |a John Deere 4730 (postrekovač)  |2 snkbucl  |9 1515987 
650 0 7 |a Kuhn Axis 40.1 (rozhadzovač hnojív)  |2 snkbucl  |9 1515988 
650 0 7 |a Aplikácia hnojív  |2 snkbucl  |9 713555 
773 0 |t Moderná mechanizácia v poľnohospodárstve  |g Roč. XIII, č. 6 (2010), s. 33-36  |x 1335-6178 
850 |a Slovenská národná knižnica 
852 |a Slovenská národná knižnica 
954 |a odborná, vedecká literatúra pôvodná (slovenská)  |2 lita 
958 |a article27 
958 |a OND 
958 |a EUIPO 
999 |c 3035546  |d 3037476